000 00339nam a2200133Ia 4500
008 240624s9999 xx 000 0 und d
041 _aeng
082 _a658.4 BLA
100 _aBLACK BRANDON
245 _aEGO FREE LEADERSHIP ENDING THE UNCONSCIO
260 _c2017
_aTexas
_bGreenleaf
300 _axxii, 248 p.; 23 cm.
365 _c
_b33
999 _c32194
_d32194